| 000 | 00423nam a22001577a 4500 | ||
|---|---|---|---|
| 003 | SGT | ||
| 020 | _a9789387839632 | ||
| 082 |
_a382 _bKOU |
||
| 100 | _aKOUL, AUTAR KRISHEN | ||
| 245 |
_aGUIDE TO THE WTO AND THE GATT _bECONOMICS LAW AND POLITICS |
||
| 250 | _a7 | ||
| 260 |
_aNEW DELHI _bSATYAM LAW INTERNATIONAL _c2020 |
||
| 300 | _aXXVIII ,680 | ||
| 653 | _aWTO , GATT , WORLD TRADE ORGANIZATION | ||
| 942 |
_2ddc _cBK _09 |
||
| 999 |
_c22430 _d22430 |
||